| 000 | 00601nam a2200181Ia 4500 | ||
|---|---|---|---|
| 008 | 240729s9999 xx 000 0 und d | ||
| 245 | 0 | _aEngineering of Biomaterials | |
| 260 | _aPoland | ||
| 260 | _bPolish Society for Biomaterials | ||
| 650 | _a Biotechnology | ||
| 650 | _a Chemical technology | ||
| 650 | _a Electrical engineering. Electronics. Nuclear engineering | ||
| 650 | _a Materials of engineering and construction. Mechanics of materials | Technology | ||
| 650 | _aTechnology | ||
| 856 | _uhttps://doaj.org/toc/c757969e09df4902857c60cb3afe57d6 | ||
| 942 | _2ddc | ||
| 942 | _cDOAJEJ | ||
| 999 |
_c66882 _d66882 |
||
| 945 |
_a1 _bMadushi Gamage _c1 _dMadushi Gamage |
||